Handbook of telemetry and remonte control (Record no. 61138)
[ view plain ]
| 000 -LEADER | |
|---|---|
| fixed length control field | 00693nam a22001937a 4500 |
| 003 - CONTROL NUMBER IDENTIFIER | |
| control field | NUST-PNEC |
| 005 - DATE AND TIME OF LATEST TRANSACTION | |
| control field | 20170116180715.0 |
| 008 - FIXED-LENGTH DATA ELEMENTS--GENERAL INFORMATION | |
| fixed length control field | 141017b xxu||||| |||| 00| 0 eng d |
| 020 ## - INTERNATIONAL STANDARD BOOK NUMBER | |
| International Standard Book Number | 0070250758 |
| 040 ## - CATALOGING SOURCE | |
| Transcribing agency | PNEC |
| 082 ## - DEWEY DECIMAL CLASSIFICATION NUMBER | |
| Classification number | 621.379 GRU |
| 100 ## - MAIN ENTRY--PERSONAL NAME | |
| 9 (RLIN) | 680 |
| Personal name | Gruenberg, Elliot L. |
| 245 ## - TITLE STATEMENT | |
| Title | Handbook of telemetry and remonte control |
| Statement of responsibility, etc. | E.L. Gruenberg |
| 260 ## - PUBLICATION, DISTRIBUTION, ETC. | |
| Place of publication, distribution, etc. | New York |
| Name of publisher, distributor, etc. | McGraw-Hill Book Company |
| Date of publication, distribution, etc. | c1967. |
| 300 ## - PHYSICAL DESCRIPTION | |
| Extent | ix, (various pagings) |
| Dimensions | 23 cm. |
| 500 ## - GENERAL NOTE | |
| General note | Includes Index http://www.amazon.com/Handbook-Telemetry-Remote-Control-Gruenberg/dp/0070250758/ref=sr_1_2?s=books&ie=UTF8&qid=1413526620&sr=1-2&keywords=HANDBOOK+OF+TELEMETRY |
| 650 ## - SUBJECT ADDED ENTRY--TOPICAL TERM | |
| General subdivision | EL, MIS |
| 942 ## - ADDED ENTRY ELEMENTS (KOHA) | |
| Source of classification or shelving scheme | |
| Koha item type | Book |
| Withdrawn status | Lost status | Source of classification or shelving scheme | Damaged status | Not for loan | Permanent Location | Current Location | Shelving location | Date acquired | Total Checkouts | Full call number | Barcode | Date last seen | Price effective from | Koha item type | Source of acquisition | Cost, normal purchase price | Cost, replacement price |
|---|---|---|---|---|---|---|---|---|---|---|---|---|---|---|---|---|---|
| Pakistan Navy Engineering College (PNEC) | Pakistan Navy Engineering College (PNEC) | Reference | 621.379 GRU | PNECLIB-004954 | 10/17/2014 | Book | |||||||||||
| Pakistan Navy Engineering College (PNEC) | Pakistan Navy Engineering College (PNEC) | Reference | 08/25/1985 | 621.379 GRU | PNECLIB-006439 | 10/27/2014 | 08/25/1985 | Book | Prograssive International Agency | 1449.39 | 1449.39 |
